[Event "Titled Tuesday intern op 12th Dec Early"]
[Site "Chess.com INT"]
[Date "2023.12.12"]
[Round "1"]
[White "Yushko, Olga"]
[Black "Kunin, Vitaly L"]
[Result "0-1"]
[WhiteElo "2064"]
[BlackElo "2534"]
[PlyCount "86"]
[EventDate "2023.12.12"]
[EventType "swiss (blitz)"]
[EventRounds "11"]
[EventCountry "USA"]
[SourceTitle "CB51_2023"]
[SourceDate "2023.12.20"]
[SourceVersion "1"]
[SourceVersionDate "2023.12.20"]
[SourceQuality "1"]

1. d4 d5 2. c4 dxc4 3. e3 e5 4. Bxc4 Nc6 5. Nf3 e4 6. Nfd2 Qg5 7. g3 Nf6 8. Nc3 Bf5 9. Qb3 0-0-0 10. Bxf7 Nxd4 11. exd4 e3 12. Be6+ Kb8 13. Nf3 exf2+ 14. Kxf2 Ng4+ 15. Kg2 Qf6 16. Bxf5 Qxf5 17. Bf4 Bd6 18. Ne2 Rhe8 19. Rhe1 a6 20. h3 Nf6 21. Bxd6 Rxd6 22. Nf4 Rxe1 23. Rxe1 Rb6 24. Qa3 g5 25. Re5 Qc2+ 26. Re2 Qc4 27. Qf8+ Ka7 28. Ne5 Qb5 29. a4 Qxa4 30. Nfd3 Qxd4 31. Qc5 Qd8 32. Rd2 Ne4 33. Nf7 Qf6 34. Rf2 Nxc5 35. Rxf6 Rxf6 36. Nxc5 Rxf7 37. Nd3 Rd7 38. Ne5 Rd2+ 39. Kf3 Rxb2 40. Kg4 a5 41. Kxg5 a4 42. Kf4 a3 43. Nc4 Rb4 0-1

[Event "GER-ch 94th"]
[Site "Ostfildern"]
[Date "2023.08.18"]
[Round "7"]
[White "Deuer, Marius"]
[Black "Kunin, Vitaly L"]
[Result "0-1"]
[WhiteElo "2440"]
[BlackElo "2532"]
[PlyCount "82"]
[EventDate "2023.08.14"]
[EventType "swiss"]
[EventRounds "9"]
[EventCountry "GER"]
[SourceTitle "CBM 215 Extra"]
[Source "ChessBase"]
[SourceDate "2023.09.30"]
[SourceVersion "1"]
[SourceVersionDate "2023.09.30"]
[SourceQuality "1"]

1. d4 Nf6 2. c4 e6 3. Nc3 Bb4 4. e3 0-0 5. Nge2 c6 6. a3 Ba5 7. b4 Bc7 8. d5 d6 9. Bb2 a5 10. Ng3 Nbd7 11. Be2 Ne5 12. b5 cxd5 13. cxd5 exd5 14. Nxd5 Nxd5 15. Qxd5 Be6 16. Qd1 d5 17. 0-0 Nc4 18. Bd4 a4 19. Bd3 Qh4 20. Bxc4 dxc4 21. f4 Rfd8 22. Qc1 Rd7 23. Qb2 f5 24. b6 Bd6 25. Qb5 Qg4 26. Rf2 Bf8 27. Ne2 Qg6 28. Nc3 Qf7 29. Rd2 Rdd8 30. Qb2 Bd7 31. Nb5 Bc6 32. Na7 Be4 33. Rc1 Bd3 34. Kf2 Rd7 35. Nb5 Re8 36. Be5 Bc5 37. Nd4 Rd5 38. Nf3 h6 39. Bd4 Bxd4 40. Nxd4 Qe7 41. Re1 Qh4+ 0-1

[Event "GER-ch 94th"]
[Site "Ostfildern"]
[Date "2023.08.15"]
[Round "2"]
[White "Eichstaedt, Mirko"]
[Black "Kunin, Vitaly L"]
[Result "0-1"]
[WhiteElo "2237"]
[BlackElo "2532"]
[PlyCount "170"]
[EventDate "2023.08.14"]
[EventType "swiss"]
[EventRounds "9"]
[EventCountry "GER"]
[SourceTitle "CBM 215 Extra"]
[Source "ChessBase"]
[SourceDate "2023.09.30"]
[SourceVersion "1"]
[SourceVersionDate "2023.09.30"]
[SourceQuality "1"]

1. d4 e6 2. Nf3 c5 3. g3 b6 4. Bg2 Bb7 5. 0-0 Nf6 6. c4 cxd4 7. Qxd4 Bc5 8. Qf4 0-0 9. Nc3 Nc6 10. Rd1 Qe7 11. Ne4 Nxe4 12. Qxe4 h6 13. b3 d6 14. Qh4 f6 15. Bb2 Qf7 16. Nd4 Nxd4 17. Bxd4 Bxg2 18. Kxg2 Rfd8 19. Qe4 f5 20. Qf3 Rac8 21. Bb2 a6 22. a4 a5 23. Rd2 Qe7 24. Rad1 e5 25. e4 fxe4 26. Qxe4 Re8 27. Re2 Qf8 28. Rd3 Kh8 29. Bc1 Qf7 30. Be3 Re6 31. f3 Rf8 32. Bxc5 bxc5 33. Qc6 Rf6 34. Ree3 Qg6 35. Qe4 Qg5 36. h4 Qh5 37. Qc6 Qg6 38. Qe4 Qh5 39. Qc6 Qg6 40. Qe4 Qe8 41. Rd5 R8f7 42. Rd2 Qf8 43. Rd1 Qb8 44. Qc6 Rc7 45. Qe4 Rb7 46. Rdd3 Rb6 47. Qd5 Qf8 48. Rc3 Qc8 49. Rc1 Rb7 50. Qe4 Rbf7 51. Rd1 Rf8 52. Rc1 Qc7 53. Rd1 g6 54. Qd5 Kg7 55. Rh1 R8f7 56. Qa8 Qb6 57. Qd5 Qb4 58. Rd1 Qb8 59. Qe4 Rb7 60. Rdd3 Qc8 61. Rd1 Rbf7 62. Qd5 g5 63. hxg5 hxg5 64. g4 Rh6 65. Rh1 Rxh1 66. Kxh1 Rf6 67. Re2 Qf8 68. Qd2 Rxf3 69. Qxg5+ Kf7 70. Kg2 Ke6 71. Qg6+ Kd7 72. Qh7+ Rf7 73. Qe4 Kc7 74. Kg3 Rf4 75. Qh7+ Kb6 76. Qh1 Qg8 77. Qh4 Qf8 78. Qh1 Rf1 79. Qe4 Qh6 80. Rh2 Rg1+ 81. Rg2 Rh1 82. Kf2 Qd2+ 83. Kg3 Qc3+ 84. Kf2 Qb2+ 85. Qe2 Qd4+ 0-1

[Event "FRA-chT Top 16 Gp Basse"]
[Site "Chartres"]
[Date "2023.06.10"]
[Round "3.1"]
[White "Kunin, Vitaly L"]
[Black "Droin, Augustin"]
[Result "1/2-1/2"]
[WhiteElo "2525"]
[BlackElo "2452"]
[PlyCount "150"]
[EventDate "2023.06.08"]
[EventType "team-tourn"]
[EventRounds "4"]
[EventCountry "FRA"]
[SourceTitle "CBM 214 Extra"]
[Source "ChessBase"]
[SourceDate "2023.07.31"]
[SourceVersion "1"]
[SourceVersionDate "2023.07.31"]
[SourceQuality "1"]
[WhiteTeam "Marseille"]
[BlackTeam "Tremblay en France"]
[WhiteTeamCountry "FRA"]
[BlackTeamCountry "FRA"]

1. d4 Nf6 2. c4 e6 3. Bf4 Bb4+ 4. Nd2 d5 5. a3 Bd6 6. Bxd6 Qxd6 7. Ngf3 Nbd7 8. cxd5 exd5 9. Qc2 a5 10. e3 0-0 11. Bd3 c5 12. dxc5 Nxc5 13. 0-0 Bd7 14. Nb3 Nxd3 15. Qxd3 Rfc8 16. Nbd4 a4 17. h3 Ne4 18. Rad1 Rc5 19. Rfe1 Qb6 20. Ne5 Bb5 21. Qb1 Qf6 22. Ng4 Qe7 23. f3 Nd6 24. Nf2 g6 25. Rc1 Rxc1 26. Qxc1 Rc8 27. Qd1 Bd7 28. Nc2 Nc4 29. Nb4 Bc6 30. Qd4 Qe5 31. Qxe5 Nxe5 32. Rc1 Re8 33. f4 Nc4 34. e4 Ne3 35. e5 d4 36. Nxc6 bxc6 37. Nd3 Rb8 38. Kf2 Rb3 39. Ke2 Nxg2 40. Rxc6 Ne3 41. Ra6 Nc4 42. Rxa4 Nxb2 43. Rxd4 Nxd3 44. Rxd3 Rb2+ 45. Ke3 h5 46. Ke4 Kg7 47. Kd5 h4 48. Ke4 Rf2 49. Rf3 Re2+ 50. Kd3 Rg2 51. Kc4 f6 52. a4 Rc2+ 53. Kb4 fxe5 54. fxe5 Rb2+ 55. Kc5 Ra2 56. Rf4 g5 57. Rg4 Kg6 58. Kd6 Ra3 59. e6 Kf6 60. Re4 Rd3+ 61. Kc6 Ke7 62. Re5 Rxh3 63. Rxg5 Kxe6 64. Rh5 Kf6 65. a5 Kg6 66. Rb5 Ra3 67. Kb6 h3 68. Rb2 Kg5 69. a6 Kg4 70. a7 Rxa7 71. Kxa7 Kg3 72. Kb6 h2 73. Rb1 Kg2 74. Kc5 h1Q 75. Rxh1 Kxh1 1/2-1/2

[Event "Stuttgart op"]
[Site "Ditzingen"]
[Date "2023.05.19"]
[Round "3"]
[White "Kunin, Vitaly L"]
[Black "Kocharin, Timur"]
[Result "0-1"]
[WhiteElo "2524"]
[BlackElo "2189"]
[PlyCount "82"]
[EventDate "2023.05.18"]
[EventType "swiss"]
[EventRounds "7"]
[EventCountry "GER"]
[SourceTitle "CBM 214 Extra"]
[Source "ChessBase"]
[SourceDate "2023.07.31"]
[SourceVersion "1"]
[SourceVersionDate "2023.07.31"]
[SourceQuality "1"]

1. e4 c5 2. Ne2 d6 3. g3 Nf6 4. Bg2 Nc6 5. 0-0 e5 6. d3 d5 7. Bg5 d4 8. a4 h6 9. Bd2 Be7 10. Na3 g5 11. Nc4 Be6 12. c3 Nd7 13. Qe1 Nb6 14. Nxb6 Qxb6 15. cxd4 cxd4 16. f4 f6 17. b4 Bxb4 18. Rb1 a5 19. fxg5 fxg5 20. Bxb4 axb4 21. Qf2 Kd7 22. Nc1 Raf8 23. Qb2 Rxf1+ 24. Bxf1 Qc5 25. Qd2 Qc3 26. Qd1 Rf8 27. Nb3 g4 28. Nd2 Qc5 29. Rc1 Qe7 30. Nc4 Bxc4 31. dxc4 Qg5 32. Bg2 Qe3+ 33. Kh1 h5 34. c5 Rf2 35. Rb1 Qd2 36. Qg1 Qe3 37. Rb3 Qxb3 38. Qxf2 Qd1+ 39. Bf1 Qf3+ 40. Kg1 Qxf2+ 41. Kxf2 b3 0-1

[Event "Basel Easter op"]
[Site "Basel"]
[Date "2023.04.10"]
[Round "8"]
[White "Fischer, Daniel1111"]
[Black "Kunin, Vitaly L"]
[Result "1/2-1/2"]
[WhiteElo "2378"]
[BlackElo "2517"]
[PlyCount "75"]
[EventDate "2023.04.06"]
[EventType "swiss"]
[EventRounds "9"]
[EventCountry "SUI"]
[SourceTitle "CBM 213 Extra"]
[Source "ChessBase"]
[SourceDate "2023.05.31"]
[SourceVersion "1"]
[SourceVersionDate "2023.05.31"]
[SourceQuality "1"]

1. e4 d6 2. d4 Nf6 3. Nc3 e5 4. Nf3 Nbd7 5. Bc4 Be7 6. a4 0-0 7. 0-0 exd4 8. Nxd4 Ne5 9. Ba2 Nc6 10. h3 Nb4 11. Bb1 c5 12. Nf3 d5 13. e5 Ne8 14. Ne2 d4 15. c3 dxc3 16. bxc3 Qxd1 17. Rxd1 Nc6 18. Nf4 Nc7 19. Be3 Be6 20. Nxe6 Nxe6 21. Rd7 Rfd8 22. Rxb7 Rd1+ 23. Kh2 Kf8 24. Ra2 Na5 25. Bc2 Rdd8 26. Rb1 Nc4 27. Bc1 Rab8 28. Raa1 h6 29. Rxb8 Rxb8 30. Rb1 Rxb1 31. Bxb1 Bd8 32. Bd3 Nb6 33. Bb5 a6 34. Bxa6 Nxa4 35. Bd2 Ba5 36. c4 Bb4 37. Kg1 Nb6 38. Kf1 1/2-1/2

[Event "Basel Easter op"]
[Site "Basel"]
[Date "2023.04.07"]
[Round "3"]
[White "Kunin, Vitaly L"]
[Black "Dolzhikova, Kateryna"]
[Result "1-0"]
[WhiteElo "2517"]
[BlackElo "2312"]
[PlyCount "105"]
[EventDate "2023.04.06"]
[EventType "swiss"]
[EventRounds "9"]
[EventCountry "SUI"]
[SourceTitle "CBM 213 Extra"]
[Source "ChessBase"]
[SourceDate "2023.05.31"]
[SourceVersion "1"]
[SourceVersionDate "2023.05.31"]
[SourceQuality "1"]

1. d4 Nf6 2. c4 g6 3. Nc3 Bg7 4. e4 d6 5. Be2 0-0 6. Be3 c5 7. dxc5 Qa5 8. f3 dxc5 9. e5 Rd8 10. Qa4 Qxa4 11. Nxa4 Nfd7 12. f4 Na6 13. 0-0-0 b6 14. Bf3 Rb8 15. Nc3 Bb7 16. Bxb7 Rxb7 17. Nf3 Re8 18. g4 Nb4 19. h4 Nc6 20. h5 Nf8 21. Bf2 f6 22. exf6 Bxf6 23. Ne4 Bg7 24. hxg6 hxg6 25. Rhe1 Rd7 26. Rxd7 Nxd7 27. Nh4 Nf8 28. Rd1 Nd4 29. Bxd4 Bxd4 30. f5 Kg7 31. fxg6 e6 32. Nf3 Rd8 33. Kc2 Nxg6 34. b4 Rf8 35. Nxd4 cxd4 36. Rxd4 Ne5 37. Ng5 Rf2+ 38. Kb3 Rg2 39. Nxe6+ Kf6 40. Nd8 Rg3+ 41. Ka4 a6 42. b5 a5 43. Nc6 Nd3 44. Rd6+ Kg5 45. Rxd3 Rxd3 46. c5 bxc5 47. b6 Rd7 48. Nxa5 Rd2 49. b7 Rb2 50. Nb3 Rxa2+ 51. Kb5 Ra3 52. Nxc5 Ra1 53. Nb3 1-0

[Event "Titled Tuesday intern op 27th Dec Late"]
[Site "Chess.com INT"]
[Date "2022.12.27"]
[Round "2"]
[White "Kunin, Vitaly L"]
[Black "Firouzja, Alireza"]
[Result "0-1"]
[WhiteElo "2522"]
[BlackElo "2785"]
[PlyCount "104"]
[EventDate "2022.12.27"]
[EventType "swiss (blitz)"]
[EventRounds "11"]
[EventCountry "USA"]
[SourceTitle "EXT 2024"]
[Source "ChessBase"]
[SourceDate "2023.10.10"]
[SourceVersion "1"]
[SourceVersionDate "2023.10.10"]
[SourceQuality "1"]

1. d4 Nf6 2. c4 g6 3. Nc3 Bg7 4. e4 d6 5. Nf3 0-0 6. Be2 e5 7. 0-0 Nc6 8. dxe5 dxe5 9. Bg5 Qxd1 10. Raxd1 Ne8 11. c5 Be6 12. Bb5 f6 13. Bxc6 bxc6 14. Be3 Rf7 15. b3 Bf8 16. Ne1 g5 17. Nc2 a5 18. f3 Ng7 19. Rd2 Bc8 20. Rfd1 Ne6 21. Na4 Ba6 22. Rd7 Bb5 23. Rxf7 Kxf7 24. Nc3 Ba6 25. Na4 Ke8 26. Kf2 Bb5 27. Nc3 Nxc5 28. Nxb5 cxb5 29. Rd5 Rd8 30. Na3 c6 31. Rxd8+ Kxd8 32. Nc2 a4 33. Bxc5 Bxc5+ 34. Ke2 axb3 35. axb3 h5 36. h3 h4 37. Kd3 Kc7 38. Kc3 Kb6 39. Kd3 Bf2 40. Ke2 Bd4 41. Kd3 c5 42. Na3 Ka6 43. Nc2 Ka5 44. Kd2 c4 45. bxc4 bxc4 46. Ne1 Kb4 47. Nc2+ Kb3 48. Kd1 Kc3 49. Kc1 Kd3 50. Kd1 Bc3 51. Na3 Bb4 52. Nb5 c3 0-1

[Event "Vandoeuvre op 19th"]
[Site "Vandoeuvre"]
[Date "2022.12.19"]
[Round "4"]
[White "Di Nicolantonio, Lucas"]
[Black "Kunin, Vitaly L"]
[Result "1/2-1/2"]
[WhiteElo "2383"]
[BlackElo "2522"]
[PlyCount "123"]
[EventDate "2022.12.18"]
[EventType "swiss"]
[EventRounds "9"]
[EventCountry "FRA"]
[SourceTitle "CBM 211 Extra"]
[Source "ChessBase"]
[SourceDate "2023.01.31"]
[SourceVersion "1"]
[SourceVersionDate "2023.01.31"]
[SourceQuality "1"]

1. e4 d6 2. d4 Nf6 3. Nc3 e5 4. Nf3 Nbd7 5. Rg1 g6 6. Be3 Bg7 7. dxe5 dxe5 8. g4 0-0 9. g5 Nh5 10. Qd2 c6 11. 0-0-0 Qe7 12. Qd6 Qxd6 13. Rxd6 Re8 14. Bh3 Nf8 15. Bxc8 Rexc8 16. Rgd1 b5 17. a4 a6 18. a5 Ne6 19. Bb6 Nhf4 20. h4 h6 21. Kb1 hxg5 22. hxg5 Kf8 23. Rd7 Ke8 24. Rb7 Rcb8 25. Rdd7 Rxb7 26. Rxb7 Nh3 27. Be3 Nd4 28. Nd2 Bf8 29. Nb3 Ne6 30. Rb6 Kd7 31. Rb7+ Ke8 32. Rb6 Kd7 33. Rb7+ Nc7 34. Na2 Be7 35. Bc5 Bxc5 36. Nxc5+ Kd6 37. c3 Rc8 38. b4 Nxf2 39. Ra7 Ra8 40. Rb7 Nh3 41. Nc1 Nxg5 42. N1d3 f6 43. Rb6 Nge6 44. Nb7+ Ke7 45. Rxc6 g5 46. Nd6 Kd7 47. Rb6 Rh8 48. Nf5 g4 49. Rd6+ Kc8 50. Nc5 Nxc5 51. bxc5 Rf8 52. Kc2 Kb7 53. c6+ Kb8 54. Rd7 Re8 55. Kb3 g3 56. Kb4 Rg8 57. Nxg3 Rxg3 58. Rd8+ Ka7 59. Rd7 Kb8 60. Rd8+ Ka7 61. Rd7 Kb8 62. Rd8+ 1/2-1/2

[Event "Titled Tuesday intern op 08th Nov Late"]
[Site "Chess.com INT"]
[Date "2022.11.08"]
[Round "4"]
[White "Kunin, Vitaly L"]
[Black "Andreikin, Dmitry"]
[Result "0-1"]
[WhiteElo "2521"]
[BlackElo "2729"]
[PlyCount "78"]
[EventDate "2022.11.08"]
[EventType "swiss (blitz)"]
[EventRounds "11"]
[EventCountry "USA"]
[SourceTitle "EXT 2024"]
[Source "ChessBase"]
[SourceDate "2023.10.10"]
[SourceVersion "1"]
[SourceVersionDate "2023.10.10"]
[SourceQuality "1"]

1. d4 Nf6 2. c4 e6 3. Nc3 Bb4 4. Nf3 0-0 5. Bd2 d5 6. e3 c6 7. Bd3 Nbd7 8. 0-0 dxc4 9. Bxc4 Bd6 10. h3 e5 11. Qc2 Qe7 12. Bd3 Re8 13. Ng5 h6 14. Nge4 Bb8 15. Rfe1 Nxe4 16. Bxe4 Nf6 17. Bf5 Bc7 18. Bxc8 Raxc8 19. dxe5 Qxe5 20. g3 h5 21. h4 Ng4 22. Rf1 Re6 23. Ne2 g5 24. Bc3 Qc5 25. Nd4 Rg6 26. Qf5 Qxf5 27. Nxf5 Re8 28. Rad1 gxh4 29. Rd7 hxg3 30. Rxc7 gxf2+ 31. Kh1 Rg5 32. Ne7+ Kf8 33. Bb4 c5 34. Rxc5 Rxc5 35. Bxc5 Rxe7 36. Bxe7+ Kxe7 37. e4 Ke6 38. Kg2 Ne3+ 39. Kxf2 Nxf1 0-1

[Event "Titled Tuesday intern op 18th Oct Late"]
[Site "Chess.com INT"]
[Date "2022.10.18"]
[Round "2"]
[White "Kunin, Vitaly L"]
[Black "Maksimovic, Bojan"]
[Result "0-1"]
[WhiteElo "2517"]
[BlackElo "2468"]
[PlyCount "144"]
[EventDate "2022.10.18"]
[EventType "swiss (blitz)"]
[EventRounds "11"]
[EventCountry "USA"]
[SourceTitle "EXT 2024"]
[Source "ChessBase"]
[SourceDate "2023.10.10"]
[SourceVersion "1"]
[SourceVersionDate "2023.10.10"]
[SourceQuality "1"]

1. d4 Nf6 2. c4 g6 3. Nc3 Bg7 4. e4 d6 5. Be2 Nbd7 6. Bg5 h6 7. Be3 e5 8. d5 Nc5 9. Qc2 b6 10. b4 Ncd7 11. Rc1 0-0 12. Nf3 Nh5 13. Nd2 Nf4 14. Bf3 f5 15. g3 Nh3 16. Bg2 f4 17. Bxh3 fxe3 18. fxe3 Qg5 19. Qd3 a5 20. a3 axb4 21. axb4 Nc5 22. bxc5 Bxh3 23. cxd6 cxd6 24. Kd1 Rf2 25. Kc2 h5 26. Kb3 Bh6 27. Nd1 Rg2 28. Rc2 Bd7 29. Nc3 Qxe3 30. Qxe3 Bxe3 31. Nf3 Ra3+ 32. Kb2 Rxc2+ 33. Kxc2 Kg7 34. Rb1 Bd4 35. Nxd4 exd4 36. Nd1 Bg4 37. Rxb6 Bf3 38. Nb2 Bxe4+ 39. Kd2 Rf3 40. Rxd6 Rf2+ 41. Kc1 Rf1+ 42. Kd2 Rf2+ 43. Kc1 d3 44. Nd1 d2+ 45. Kb2 Rf1 46. Nc3 d1Q 47. Nxd1 Rxd1 48. Kc3 Rd3+ 49. Kb4 Rd2 50. Re6 Bf5 51. Re1 Rxh2 52. c5 Rb2+ 53. Ka5 Kf6 54. c6 Rd2 55. c7 Rxd5+ 56. Kb6 Rd2 57. Rc1 Rb2+ 58. Ka5 Bc8 59. Rc6+ Kg5 60. Rc5+ Kg4 61. Rc6 g5 62. Rc5 h4 63. gxh4 gxh4 64. Rc4+ Kg3 65. Rc3+ Kg2 66. Rc4 h3 67. Rh4 h2 68. Rb4 Rxb4 69. Kxb4 h1Q 70. Kc5 Qh6 71. Kb5 Qa6+ 72. Kb4 Kg3 0-1

[Event "Titled Tuesday intern op 18th Oct Late"]
[Site "Chess.com INT"]
[Date "2022.10.18"]
[Round "3"]
[White "Rodriguez Santiago, Jaime"]
[Black "Kunin, Vitaly L"]
[Result "0-1"]
[WhiteElo "1997"]
[BlackElo "2517"]
[PlyCount "106"]
[EventDate "2022.10.18"]
[EventType "swiss (blitz)"]
[EventRounds "11"]
[EventCountry "USA"]
[SourceTitle "EXT 2024"]
[Source "ChessBase"]
[SourceDate "2023.10.10"]
[SourceVersion "1"]
[SourceVersionDate "2023.10.10"]
[SourceQuality "1"]

1. c4 e5 2. Nc3 Nc6 3. g3 f5 4. Bg2 Nf6 5. e3 Bb4 6. Nge2 0-0 7. 0-0 d6 8. d3 Bxc3 9. Nxc3 Be6 10. Rb1 Kh8 11. b4 Rb8 12. a4 Qd7 13. f4 Rbe8 14. h3 Bg8 15. b5 Nd8 16. a5 e4 17. dxe4 Bxc4 18. Rf2 fxe4 19. b6 axb6 20. axb6 c6 21. g4 d5 22. g5 Ng8 23. Nxe4 Qf5 24. Nc3 Ne6 25. Bb2 Nxg5 26. Ne2 Nxh3+ 27. Bxh3 Qxh3 28. Qd4 Nf6 29. Rg2 Qxe3+ 30. Qxe3 Rxe3 31. Ng3 Bd3 32. Ra1 Bg6 33. f5 Bf7 34. Ra7 Rb8 35. Nf1 Rb3 36. Be5 Re8 37. Rxb7 Rxe5 38. Rxf7 Rxb6 39. Rf8+ Ng8 40. f6 Rb7 41. f7 Rxf7 42. Rxf7 g6 43. Rf8 Kg7 44. Rgf2 Nh6 45. Re8 Rxe8 46. Ng3 Nf5 47. Kg2 Nxg3 48. Kxg3 Rf8 49. Rc2 Rf6 50. Rc5 Kf7 51. Kg4 Ke7 52. Kg5 Kd6 53. Rc3 Rf5+ 0-1

[Event "Basel op 25th"]
[Site "Basel"]
[Date "2022.10.09"]
[Round "4"]
[White "Kunin, Vitaly L"]
[Black "Roesch, Mario"]
[Result "1-0"]
[WhiteElo "2517"]
[BlackElo "2217"]
[PlyCount "103"]
[EventDate "2022.10.07"]
[EventType "swiss"]
[EventRounds "5"]
[EventCountry "SUI"]
[SourceTitle "CBM 210 Extra"]
[Source "ChessBase"]
[SourceDate "2022.11.30"]
[SourceVersion "1"]
[SourceVersionDate "2022.11.30"]
[SourceQuality "1"]

1. c4 e6 2. Nc3 d5 3. d4 Be7 4. Nf3 Nf6 5. Qc2 0-0 6. Bg5 c5 7. dxc5 dxc4 8. e4 Nc6 9. Bxc4 Nd7 10. Bf4 Qa5 11. 0-0 Qxc5 12. Qe2 Nde5 13. Nxe5 Nxe5 14. Bb3 b6 15. Rfc1 Qa5 16. Nd5 exd5 17. Bxe5 dxe4 18. Qxe4 Be6 19. Bxe6 fxe6 20. Rc7 Rae8 21. Bc3 Qf5 22. Qxf5 exf5 23. Rxa7 Bf6 24. Bxf6 Rxf6 25. h4 h5 26. Rd1 Re4 27. Rdd7 Rg6 28. Rf7 Reg4 29. Rxf5 Rxg2+ 30. Kf1 Rg1+ 31. Ke2 Re6+ 32. Kf3 Rh6 33. Re7 Rb1 34. b3 Rb2 35. Re2 Rxe2 36. Kxe2 Re6+ 37. Kd3 g6 38. Rb5 Kf7 39. a4 Ke7 40. f4 Kf6 41. Kd4 Rc6 42. Kd5 Re6 43. Kd4 Rc6 44. b4 Re6 45. Rd5 Rc6 46. b5 Re6 47. a5 bxa5 48. Kc5 Re1 49. b6 a4 50. b7 Rc1+ 51. Kb6 Rb1+ 52. Rb5 1-0

[Event "Moscow op-A 18th"]
[Site "Moscow"]
[Date "2022.07.19"]
[Round "8"]
[White "Kunin, Vitaly L"]
[Black "Iljiushenok, Ilia"]
[Result "0-1"]
[WhiteElo "2528"]
[BlackElo "2527"]
[PlyCount "114"]
[EventDate "2022.07.14"]
[EventType "swiss"]
[EventRounds "9"]
[EventCountry "RUS"]
[SourceTitle "CBM 209 Extra"]
[Source "ChessBase"]
[SourceDate "2022.09.30"]
[SourceVersion "1"]
[SourceVersionDate "2022.09.30"]
[SourceQuality "1"]

1. d4 Nf6 2. c4 g6 3. Nc3 Bg7 4. e4 d6 5. Be2 0-0 6. Be3 c6 7. g4 Qa5 8. f3 c5 9. d5 b5 10. cxb5 a6 11. Qd2 Nbd7 12. b6 Nxb6 13. Nh3 h5 14. Nf2 hxg4 15. f4 e6 16. dxe6 Bxe6 17. 0-0 Na4 18. Nfd1 Rad8 19. f5 Bc8 20. fxg6 fxg6 21. Nxa4 Qxa4 22. Nc3 Qe8 23. Bg5 Qe5 24. Bc4+ Kh7 25. Rae1 Rde8 26. Bf4 Qd4+ 27. Qxd4 cxd4 28. Bxd6 dxc3 29. Bxf8 Rxf8 30. bxc3 Re8 31. Bd5 Nd7 32. Kg2 Ne5 33. Rb1 Bd7 34. Rb7 Bb5 35. c4 Bxc4 36. Bxc4 Nxc4 37. Rff7 Rg8 38. Ra7 Kh6 39. Rxa6 Rd8 40. Raa7 Rd2+ 41. Kg3 Rd3+ 42. Kg2 Be5 43. Rad7 Rc3 44. Kf1 Rc2 45. h4 gxh3 46. Rh7+ Kg5 47. Rxh3 Rxa2 48. Rhd3 Kg4 49. Kg1 Bh2+ 50. Kh1 Bf4 51. Rd1 Rh2+ 52. Kg1 Ne5 53. Rg7 Nf3+ 54. Kf1 g5 55. Rd3 Rh1+ 56. Kg2 Rg1+ 57. Kf2 Bg3+ 0-1

[Event "Moscow op-A 18th"]
[Site "Moscow"]
[Date "2022.07.15"]
[Round "2"]
[White "Kunin, Vitaly L"]
[Black "Tyurin, Artem"]
[Result "1-0"]
[WhiteElo "2528"]
[BlackElo "2228"]
[PlyCount "63"]
[EventDate "2022.07.14"]
[EventType "swiss"]
[EventRounds "9"]
[EventCountry "RUS"]
[SourceTitle "CBM 209 Extra"]
[Source "ChessBase"]
[SourceDate "2022.09.30"]
[SourceVersion "1"]
[SourceVersionDate "2022.09.30"]
[SourceQuality "1"]

1. e4 e6 2. d4 d5 3. exd5 exd5 4. Nf3 Nc6 5. Nc3 Bg4 6. Bb5 Bb4 7. h3 Bh5 8. g4 Bg6 9. Ne5 Nge7 10. Nxg6 Nxg6 11. Qe2+ Qe7 12. Qxe7+ Ngxe7 13. Bf4 a6 14. Bxc6+ Nxc6 15. Bxc7 Kd7 16. Bb6 Ne7 17. Kd2 Ng6 18. Bc5 Bxc5 19. dxc5 Kc6 20. b4 a5 21. a3 Ne5 22. Ne2 Nf3+ 23. Ke3 Ng5 24. Nd4+ Kd7 25. f3 Rhe8+ 26. Kd2 Ne6 27. c3 Nxd4 28. cxd4 Re6 29. b5 Rf6 30. Rhe1 Rxf3 31. Re5 Re8 32. c6+ 1-0